01222 a2200217 4500003000500000005001700005040000900022082001500031100002700046245009300073250002800166260002500194300000900219505044800228600002900676650002000705942001200725999001900737952012400756952012400880Nust20230223172621.0 cNust a515.63,WEA aWeatherburn C.E939307 aElementary Vector Analysis with application to geometry and mechanics /cWeatherburn C.E anew and revised edition aLondonbG.Bellc1960 a181p aAddition and Subtraction of Vectors Centroids (Page-9), Further Geometrical Applications (Page-33), Productions Two Vectors Applications (Page-45), Products of Three or Four Vectors Applications (Page-70), Differentiation and Integration of Vectors Curvature and Torsion of Curves (Page-90), Kinematics and Dynamics of a Particle (Page-110), Dynamics of a System of Particles and of a Rigid Body (Page-133), Statics of a Rigid Body (Page-158). aC.E. Weatherburn9102677 aVector Analysis 2ddccBK c182026d182026 00102ddc4070aMCSbMCScGENd2016-12-12o515.63,WEApMCS21338r2016-12-08w2016-12-12yBKzAlmirah No.82, Shelf No.5 00102ddc4070aMCSbMCScGENd2016-12-12o515.63,WEApMCS29793r2016-12-08w2016-12-12yBKzAlmirah No.71, Shelf No.2